| 000 | 01077nam a2200301 a 4500 | ||
|---|---|---|---|
| 001 | 1449913 | ||
| 003 | CO-ViMGA | ||
| 005 | 20230915233608.0 | ||
| 008 | 180425s2014 ck a gr 0001j spa d | ||
| 020 | _a9789583045158 | ||
| 040 |
_aCO-ViMGA _bspa _cCO-ViMGA |
||
| 082 | 0 | 4 |
_aI808.83 _bC83a24 _221 |
| 245 | 0 | 3 |
_aEl cuervo sediento y otras historias = _bThe thirsty crow and other stories / _ctraduccion del ingles Andrea Moure. |
| 250 | _aEditora Diana Lopez de Mesa O. | ||
| 260 |
_aBogota : _bPanamericana Editorial, _c2014. |
||
| 300 |
_a108 paginas : _bilustraciones ; _c28 cm. |
||
| 490 | 0 | _aCuentos clasicos | |
| 500 | _aIncluye indice. | ||
| 546 | _aTexto bilingue en español e ingles. | ||
| 650 | 1 | 4 |
_aCuentos infantiles _v Colecciones. _9174 |
| 650 | 1 | 4 |
_aCuervos _v Cuentos infantiles. _9177 |
| 650 | 1 | 4 |
_aFabulas. _9175 |
| 650 | 1 | 4 |
_aLibros ilustrados para niños. _964 |
| 650 | 1 | 4 |
_aRatones _v Cuentos infantiles. _9176 |
| 700 | 1 |
_aLopez de Mesa O., Diana, _eeditora. _9179 |
|
| 700 | 1 |
_aMoure Bejarano, Andrea, _etraductora. _9178 |
|
| 942 |
_2ddc _cBK |
||
| 999 |
_c37165 _d37165 |
||